| 000 | 01046nam a22002417a 4500 | ||
|---|---|---|---|
| 008 | 090130t xxu||||| |||| 00| 0 eng d | ||
| 010 | _aENG-92706 | ||
| 020 |
_c150.00 _a9788190761499 |
||
| 035 | _aEN-76239 | ||
| 037 | _bDBAD / PUB | ||
| 040 |
_adpl _bEnglish |
||
| 082 | _a338.5 | ||
| 100 | _aJoseph Baskaran, P. | ||
| 245 |
_aIndustrial economics / _cby P. Joseph Baskaran |
||
| 260 |
_aChennai _bThirupathi Publications _c2008 |
||
| 270 |
_aNo. 63, Razak Garden, Arumpakkam _bChennai _e106 |
||
| 300 |
_a183p. _c20cm (pbk) |
||
| 500 | _aIncludes bibliographical references | ||
| 650 | _aIndustrial organization (Economic theory) | ||
| 942 |
_2ddc _cEN _mJOS _h338.5 |
||
| 999 |
_c22664 _d22664 |
||